Natural or Human-Made? Quiz Stats

 Plays Quiz Updated Aug 26, 2015

Challenge
Share
Tweet
Score 0/20 Timer 06:00
5 Plays Today
% Correct
Natural (Isle of Socotra in Yemen)
92.8%
Natural (Maligne Lake in Alberta, Canada)
92%
Natural (Lake Hillier in Western Australia, Australia)
91.6%
Natural (The Wave in Arizona, U.S.A.)
91.5%
Human-made (Erie Canal in New York, U.S.A.)
91.2%
Natural (Chimney Rock in Nebraska, U.S.A.)
87.4%
Natural (Travertine Pools in Turkey)
86.1%
Human-made (Bingham Canyon Mine in Utah, U.S.A.)
85.3%
Natural (Giant's Causeway in Northern Ireland)
82.3%
Human-made (South Channel Fort in Victoria, Australia)
81.2%
% Correct
Human-made (Serpent Mound in Ohio, U.S.A.)
75.1%
Natural (Richat Structure in Mauritania)
74.5%
Natural (The Natural Sphinx of Pakistan)
72.2%
Natural (Waitomo Caves in New Zealand)
72.2%
Human-made (Silbury Hill in England)
57%
Human-made (Monticello Dam Drain Hole in California, U.S.A.)
41.6%
Human-made (Ra Paulette's Caves in New Mexico, U.S.A.)
32.9%
Human-made (Kimberley Mine in South Africa)
29.9%
Human-made (Fly Geyser in Nevada, U.S.A.)
12.7%
Human-made (Marmore Falls in Italy)
5.5%

You're not logged in!

Compare scores with friends on all Sporcle quizzes.
Join for Free
OR
Log In

You Might Also Like...

Show Comments

Extras

Top Quizzes Today


Score Distribution

Your Account Isn't Verified!

In order to create a playlist on Sporcle, you need to verify the email address you used during registration. Go to your Sporcle Settings to finish the process.

Report this User

Report this user for behavior that violates our Community Guidelines.

Details: